[Event "Henderson Trusts op-B 44th"]
[Site "Henderson"]
[Date "2022.06.04"]
[Round "1"]
[White "Uta`I, Roy"]
[Black "Gallage K G, Roshan"]
[Result "0-1"]
[WhiteElo "1388"]
[BlackElo "1636"]
[PlyCount "50"]
[EventDate "2022.06.04"]
[EventType "swiss"]
[EventRounds "6"]
[EventCountry "NZL"]
[SourceTitle "EXT 2024"]
[Source "ChessBase"]
[SourceDate "2023.10.10"]
[SourceVersion "1"]
[SourceVersionDate "2023.10.10"]
[SourceQuality "1"]

1. d4 Nf6 2. Nc3 c5 3. d5 e5 4. e4 d6 5. Bb5+ Nbd7 6. Nf3 Be7 7. 0-0 0-0 8. Re1 Ne8 9. Ne2 g6 10. Ng3 Ng7 11. Be3 f5 12. exf5 gxf5 13. Bh6 Nf6 14. c4 f4 15. Ne4 Bf5 16. Nfd2 Nxe4 17. Nxe4 Rf7 18. Bxg7 Rxg7 19. Kh1 Qf8 20. f3 Qf7 21. Ba4 Qh5 22. Bc2 Kh8 23. Nf2 Rag8 24. Bxf5 Rxg2 25. Ng4 R8xg4 0-1